000 00666nam a2200217Ia 4500
003 IN-BaIIA
008 211028s9999 xx 000 0 eng d
020 _a0-521-36360-8
040 _cIIA Library
080 _a084.8:52
_bTHE
245 4 _aThe Cambridge atlas of astronomy
_cedited by Jean Audouze and Guy Israel
250 _a2nd ed.
260 _aCambridge
_bCambridge University Press
_c1988
300 _a431p.
650 _aAstronomy and Astrophysics Thesaurus
650 _aAstronomy atlas
_916029
650 _aAtlas
700 _aAudouze, Jean ed.
_99795
700 _aIsrael, Guy, ed.
_916030
942 _cBK
999 _c9514
_d9514